[Event "Women's Baku Chess Olympiad"]
[Site "chess24.com"]
[Date "2016.09.03"]
[Round "2.3"]
[White "Movileanu, Daniela"]
[Black "Thorsteinsdottir, Hallgerdur"]
[Result "1-0"]
[WhiteElo "2268"]
[BlackElo "2015"]
[PlyCount "119"]
[EventDate "2016.??.??"]
[WhiteTeam "Italy"]
[BlackTeam "Iceland"]
[WhiteTeamCountry "ITA"]
[BlackTeamCountry "ISL"]
[WhiteClock "0:04:14"]
[BlackClock "0:01:17"]

1. e4 c6 2. d4 d5 3. Nd2 dxe4 4. Nxe4 Bf5 5. Nc5 e5 6. Nxb7 Qb6 7. Nc5 exd4 8.
Na4 Qa5+ 9. c3 Qe5+ 10. Qe2 Qxe2+ 11. Bxe2 dxc3 12. Nxc3 Nd7 13. Nf3 Bc5 14.
O-O Ngf6 15. Ba6 Rb8 16. Re1+ Kf8 17. Na4 Nd5 18. Ne5 Bb4 19. Nxd7+ Bxd7 20.
Rd1 Be6 21. Bd2 Ke7 22. a3 Bxd2 23. Rxd2 Nc7 24. Bd3 Rhd8 25. Nc5 Rd5 26. Rc2
Rbd8 27. Bf1 Bf5 28. Re1+ Kf8 29. Rcc1 a5 30. a4 Rd2 31. Nb7 Re8 32. Nxa5 Rxb2
33. Rxe8+ Nxe8 34. Nxc6 Ra2 35. a5 Be4 36. a6 Bxc6 37. Rxc6 Ra1 38. g3 Ke7 39.
Kg2 Kd8 40. Bd3 Nc7 41. h4 Ra3 42. Be2 h6 43. Rd6+ Ke7 44. Rb6 Ra2 45. Bf1 Kd7
46. Bd3 Ra5 47. Be2 Ra4 48. Kh3 g6 49. Bg4+ f5 50. Be2 Ra2 51. Bc4 Ra4 52. Bf1
Ra1 53. Kg2 Ne6 54. Bb5+ Ke7 55. Bc4 Nf8 56. Rb7+ Kd6 57. a7 Nd7 58. Bb5 Ne5
59. Rb6+ Kc5 60. Ra6 1-0

[Event "Women's Baku Chess Olympiad"]
[Site "chess24.com"]
[Date "2016.09.03"]
[Round "2.2"]
[White "Morozova, Iuliia"]
[Black "Tokhirjonova, Gulrukhbegim"]
[Result "1/2-1/2"]
[WhiteElo "2025"]
[BlackElo "2289"]
[PlyCount "160"]
[EventDate "2016.??.??"]
[WhiteTeam "Belgium"]
[BlackTeam "Uzbekistan"]
[WhiteTeamCountry "BEL"]
[BlackTeamCountry "UZB"]
[WhiteClock "0:14:36"]
[BlackClock "0:27:04"]

1. d4 d5 2. c4 c6 3. cxd5 cxd5 4. Nc3 Nc6 5. Nf3 Nf6 6. e3 g6 7. Ne5 Bg7 8. Bb5
Bd7 9. Qa4 Qc7 10. Bxc6 Bxc6 11. Nxc6 bxc6 12. O-O O-O 13. Bd2 c5 14. Rfc1 Ng4
15. f4 cxd4 16. Nxd5 Qd8 17. Qa5 dxe3 18. Qxd8 Rfxd8 19. Nxe7+ Kf8 20. Bb4 Bxb2
21. Nc6+ Kg8 22. Nxd8 Bxa1 23. Rxa1 Rxd8 24. Re1 Rd4 25. Bc5 Rxf4 26. Bxa7 Ra4
27. Bxe3 Nxe3 28. Rxe3 Rxa2 29. h3 h5 30. Re4 Kg7 31. h4 Kf6 32. Kh2 Kf5 33.
Rb4 Re2 34. Kh3 f6 35. g3 Re4 36. Rb5+ Re5 37. Rb2 Ke4 38. Kg2 Rd5 39. Ra2 Ke3
40. Ra3+ Ke2 41. Ra6 Rf5 42. Ra2+ Kd3 43. Ra3+ Kc4 44. Ra4+ Kb5 45. Rd4 Kc5 46.
Ra4 Rd5 47. Ra6 Rd6 48. Ra5+ Kc4 49. Kf3 Kd3 50. Ra3+ Kd2 51. Kf2 Rd5 52. Ra6
Rf5+ 53. Kg2 g5 54. hxg5 fxg5 55. Rh6 g4 56. Rd6+ Ke3 57. Re6+ Kd4 58. Re2 Re5
59. Ra2 Ke4 60. Kf2 Rf5+ 61. Kg2 Rc5 62. Kf2 Kd3 63. Ra3+ Rc3 64. Rxc3+ Kxc3
65. Ke3 Kc4 66. Kf4 Kd4 67. Kg5 Ke5 68. Kxh5 Kf5 69. Kh4 Kf6 70. Kxg4 Kg6 71.
Kf4 Kf6 72. g4 Kg6 73. g5 Kg7 74. Kf5 Kf7 75. g6+ Kg7 76. Kg5 Kg8 77. Kf6 Kf8
78. Kf5 Kg7 79. Kg5 Kg8 80. Kh4 Kg7 1/2-1/2

[Event "Women's Baku Chess Olympiad"]
[Site "chess24.com"]
[Date "2016.09.03"]
[Round "2.3"]
[White "Jorquera Cabello, Valentina"]
[Black "Congiu, Mathilde"]
[Result "0-1"]
[WhiteElo "2019"]
[BlackElo "2232"]
[PlyCount "128"]
[EventDate "2016.??.??"]
[WhiteTeam "Chile"]
[BlackTeam "France"]
[WhiteTeamCountry "CHI"]
[BlackTeamCountry "FRA"]
[WhiteClock "0:01:09"]
[BlackClock "0:02:57"]

1. e4 c5 2. Nf3 d6 3. g3 g6 4. Bg2 Bg7 5. O-O Nc6 6. c3 e5 7. d3 Nge7 8. h3 O-O
9. a3 d5 10. exd5 Nxd5 11. Nbd2 h6 12. Nc4 Be6 13. Re1 Qc7 14. Qe2 Rfe8 15. Bd2
Rad8 16. Ncxe5 Bf5 17. g4 Bxe5 18. gxf5 Bh2+ 19. Nxh2 Rxe2 20. Rxe2 Nf4 21.
Bxf4 Qxf4 22. fxg6 fxg6 23. Rae1 h5 24. Nf1 Rxd3 25. Re4 Qf6 26. Re8+ Kg7 27.
Ng3 Rd8 28. R8e6 Rd1 29. Rxf6 Rxe1+ 30. Kh2 Kxf6 31. Ne4+ Kg7 32. Nxc5 b6 33.
Nd3 Rd1 34. Nf4 Ne5 35. Kg3 Rb1 36. b4 Rb3 37. Nd5 Rxa3 38. Kf4 Nc4 39. Bf1 Nd6
40. Ke5 Nf7+ 41. Kf4 Ra1 42. Bg2 Rg1 43. Bf3 Ng5 44. Be2 Nxh3+ 45. Ke3 Ng5 46.
f4 Ne6 47. Kf2 Rc1 48. c4 a5 49. c5 bxc5 50. bxa5 Nd4 51. Bf1 Ra1 52. a6 h4 53.
Nc7 Ra3 54. Ne8+ Kh6 55. Nd6 h3 56. Nc8 Ra2+ 57. Kg3 Ra3+ 58. Kh2 Nf3+ 59. Kxh3
Nd2+ 60. Kg2 Nxf1 61. Kxf1 Rxa6 62. Ke2 Kh5 63. Kf3 c4 64. Ke3 c3 0-1

[Event "Women's Baku Chess Olympiad"]
[Site "chess24.com"]
[Date "2016.09.03"]
[Round "2.2"]
[White "Exler, Veronika"]
[Black "Stetsko, Lanita"]
[Result "1/2-1/2"]
[WhiteElo "2220"]
[BlackElo "2170"]
[PlyCount "35"]
[EventDate "2016.??.??"]
[WhiteTeam "Austria"]
[BlackTeam "Belarus"]
[WhiteTeamCountry "AUT"]
[BlackTeamCountry "BLR"]
[WhiteClock "0:52:36"]
[BlackClock "1:23:58"]

1. d4 Nf6 2. c4 e6 3. Nf3 d5 4. g3 Bb4+ 5. Bd2 Be7 6. Bg2 O-O 7. O-O c6 8. Qc2
Nbd7 9. Rd1 b6 10. Bf4 Ba6 11. b3 Rc8 12. Nc3 h6 13. h3 Nh5 14. Bc1 Nhf6 15.
Bf4 Nh5 16. Bc1 Nhf6 17. Bf4 Nh5 18. Bc1 1/2-1/2

[Event "Women's Baku Chess Olympiad"]
[Site "chess24.com"]
[Date "2016.09.03"]
[Round "2.3"]
[White "Kabamba Mulwale Bwalya"]
[Black "Ibtihal Mohammed"]
[Result "0-1"]
[WhiteElo "1683"]
[BlackElo "1479"]
[PlyCount "129"]
[EventDate "2016.??.??"]
[WhiteTeam "Zambia"]
[BlackTeam "Sudan"]
[WhiteTeamCountry "ZAM"]
[BlackTeamCountry "SUD"]
[WhiteClock "0:24:13"]
[BlackClock "0:17:14"]

1. d4 d5 2. Nf3 Bf5 3. Bf4 Nc6 4. c3 Nf6 5. e3 a6 6. Be2 e6 7. h3 Be7 8. O-O h6
9. Nbd2 O-O 10. Re1 Na7 11. Qb3 b5 12. a3 Nc8 13. Rec1 Bd6 14. Bxd6 Nxd6 15.
Qd1 Qe7 16. b4 Nfe4 17. Nxe4 Nxe4 18. Bd3 Nd6 19. Bxf5 Nxf5 20. Qe2 Nd6 21. Nd2
f6 22. Qd3 Qf7 23. Rf1 c6 24. f3 f5 25. Qe2 Qf6 26. f4 Kf7 27. a4 Ke7 28. Nf3
Ne4 29. Qe1 g5 30. Ne5 Kd6 31. Rf3 Rg8 32. Kh2 gxf4 33. exf4 Qg7 34. Ra2 bxa4
35. Qh4 a5 36. Qxh6 axb4 37. Qxg7 Rxg7 38. cxb4 Rb7 39. Nd3 Nc3 40. Ra3 Nb5 41.
Nc5 Rba7 42. Rad3 a3 43. Rfe3 a2 44. Rxe6+ Kc7 45. Nb3 a1=Q 46. Nxa1 Rxa1 47.
g4 fxg4 48. hxg4 R8a2+ 49. Kg3 Ra3 50. Ree3 Rxd3 51. Rxd3 Rb1 52. f5 Rxb4 53.
f6 Kd7 54. Re3 Nxd4 55. Re7+ Kd8 56. Kf4 Ne6+ 57. Kf5 Nf8 58. g5 d4 59. Re1 d3
60. f7 d2 61. Rd1 Rd4 62. Kf6 c5 63. Kg7 Ne6+ 64. Kf6 Nf8 65. g6 0-1

[Event "Women's Baku Chess Olympiad"]
[Site "chess24.com"]
[Date "2016.09.04"]
[Round "3.1"]
[White "Socko, Monika"]
[Black "Mamedjarova, Zeinab"]
[Result "0-1"]
[WhiteElo "2437"]
[BlackElo "2295"]
[PlyCount "125"]
[EventDate "2016.??.??"]
[WhiteTeam "Poland"]
[BlackTeam "Azerbaijan"]
[WhiteTeamCountry "POL"]
[BlackTeamCountry "AZE"]
[WhiteClock "0:01:07"]
[BlackClock "0:03:00"]

1. e4 e5 2. Nf3 Nf6 3. Nxe5 d6 4. Nf3 Nxe4 5. Nc3 Nxc3 6. dxc3 Be7 7. Bf4 Nc6
8. Qd2 Be6 9. Ng5 Bxg5 10. Bxg5 f6 11. Be3 Qd7 12. O-O-O O-O-O 13. Be2 Rhe8 14.
b3 Bg4 15. f3 Qe6 16. fxg4 Qxe3 17. Bd3 h6 18. Rde1 Qxd2+ 19. Kxd2 Ne5 20. Re3
c6 21. Rhe1 Kc7 22. a4 a5 23. h4 Rh8 24. Rg3 Rdf8 25. Rf1 Rf7 26. Be2 d5 27.
Re1 Kd6 28. g5 hxg5 29. hxg5 f5 30. Re3 Re7 31. Rh3 Rhe8 32. Rf1 g6 33. Rh6 Re6
34. Rh7 R8e7 35. Rxe7 Rxe7 36. Bd3 Rh7 37. Ke3 Rh5 38. Be2 Rxg5 39. Kf2 Ng4+
40. Bxg4 Rxg4 41. Rh1 Kc5 42. Rh7 b6 43. Rb7 Rf4+ 44. Ke3 Re4+ 45. Kf3 Re1 46.
b4+ axb4 47. cxb4+ Kxb4 48. Rxb6+ Kc5 49. Rb7 Ra1 50. Rg7 Rxa4 51. Rxg6 Rc4 52.
Rg5 Rc3+ 53. Kf4 Rxc2 54. Kxf5 Re2 55. g4 d4 56. Rg8 d3 57. Rd8 Kc4 58. g5 c5
59. g6 Rg2 60. Rd7 Kc3 61. g7 c4 62. Kf4 d2 63. Ke3 0-1

[Event "Women's Baku Chess Olympiad"]
[Site "chess24.com"]
[Date "2016.09.04"]
[Round "3.3"]
[White "Szczepkowska-Horowska, Karina"]
[Black "Mammadova, Gulnar"]
[Result "*"]
[WhiteElo "2409"]
[BlackElo "2304"]
[PlyCount "76"]
[EventDate "2016.??.??"]
[WhiteTeam "Poland"]
[BlackTeam "Azerbaijan"]
[WhiteTeamCountry "POL"]
[BlackTeamCountry "AZE"]
[WhiteClock "0:23:58"]
[BlackClock "0:20:05"]

1. e4 e6 2. d4 d5 3. Nd2 Nf6 4. e5 Nfd7 5. Bd3 c5 6. c3 Nc6 7. Ne2 cxd4 8. cxd4
f6 9. exf6 Nxf6 10. O-O Bd6 11. Nf3 Qc7 12. Bg5 O-O 13. Bh4 Nh5 14. Qc2 h6 15.
Bh7+ Kh8 16. Bg6 Nf4 17. Nxf4 Bxf4 18. Bg3 Bd7 19. Rfe1 Rac8 20. Rad1 Bxg3 21.
hxg3 Rf6 22. Re3 Qb8 23. Qb1 Rcf8 24. Rd2 Be8 25. Bxe8 Qxe8 26. Qe1 Qf7 27.
Rde2 Re8 28. Ne5 Nxe5 29. Rxe5 Qd7 30. b3 b6 31. R5e3 a5 32. Rc3 Rc8 33. Rec2
Rff8 34. Qc1 Rxc3 35. Rxc3 Qf7 36. Rf3 Qe7 37. Re3 Qf6 38. Rf3 Qe7 *

[Event "Women's Baku Chess Olympiad"]
[Site "chess24.com"]
[Date "2016.09.04"]
[Round "3.3"]
[White "Matnadze, Ana"]
[Black "Vangsgaard, Freja"]
[Result "*"]
[WhiteElo "2383"]
[BlackElo "1983"]
[PlyCount "45"]
[EventDate "2016.??.??"]
[WhiteTeam "Espana"]
[BlackTeam "Denmark"]
[WhiteTeamCountry "ESP"]
[BlackTeamCountry "DEN"]
[WhiteClock "0:23:14"]
[BlackClock "0:01:36"]

1. d4 Nf6 2. c4 e6 3. Nf3 b6 4. g3 Bb7 5. Bg2 Be7 6. O-O O-O 7. d5 exd5 8. Nh4
c6 9. cxd5 Nxd5 10. Nf5 Nc7 11. e4 d5 12. Nc3 Bf6 13. Bf4 d4 14. e5 dxc3 15.
exf6 Qxf6 16. Qh5 Kh8 17. Bxc7 Na6 18. Bd6 Rfe8 19. g4 cxb2 20. Rab1 Re6 21.
Ba3 Re2 22. g5 Qe6 23. Nd4 *

[Event "Women's Baku Chess Olympiad"]
[Site "chess24.com"]
[Date "2016.09.04"]
[Round "3.3"]
[White "Deur Saric, Zrinka"]
[Black "Jorquera Cabello, Valentina"]
[Result "1/2-1/2"]
[WhiteElo "2185"]
[BlackElo "2019"]
[PlyCount "93"]
[EventDate "2016.??.??"]
[WhiteTeam "Croatia"]
[BlackTeam "Chile"]
[WhiteTeamCountry "CRO"]
[BlackTeamCountry "CHI"]
[WhiteClock "0:14:28"]
[BlackClock "0:19:04"]

1. e4 c5 2. Nf3 d6 3. d4 cxd4 4. Nxd4 Nf6 5. Nc3 Nc6 6. Bc4 Qb6 7. Nxc6 bxc6 8.
O-O g6 9. e5 dxe5 10. Qe2 Qd4 11. Be3 Qd6 12. Rad1 Qc7 13. f4 Bg4 14. Qf2 Bxd1
15. fxe5 Qxe5 16. Bd4 Qd6 17. Bxf6 Qxf6 18. Qc5 e5 19. Bxf7+ Qxf7 20. Qxc6+ Qd7
21. Qxa8+ Qd8 22. Qxd8+ Kxd8 23. Rxd1+ Kc7 24. Rd5 Bg7 25. Ne4 Rf8 26. b3 Kc6
27. c4 Bh6 28. g3 Be3+ 29. Kg2 Bd4 30. b4 Kc7 31. a4 Rb8 32. b5 Kb6 33. Rd6+
Ka5 34. Ra6+ Kb4 35. c5 Rb7 36. Kf3 Bxc5 37. Nxc5 Kxc5 38. Ke4 Re7 39. h4 Kb4
40. g4 Kc5 41. g5 Kb4 42. b6 axb6 43. Rxb6+ Kxa4 44. Rd6 Kb5 45. Rd5+ Kc6 46.
Rxe5 Ra7 47. Kf4 1/2-1/2

[Event "Women's Baku Chess Olympiad"]
[Site "chess24.com"]
[Date "2016.09.04"]
[Round "3.4"]
[White "Fuentes Inzunza, Lesly"]
[Black "Vujnovic, Patricija"]
[Result "*"]
[WhiteElo "1840"]
[BlackElo "2137"]
[PlyCount "68"]
[EventDate "2016.??.??"]
[WhiteTeam "Chile"]
[BlackTeam "Croatia"]
[WhiteTeamCountry "CHI"]
[BlackTeamCountry "CRO"]
[WhiteClock "0:12:31"]
[BlackClock "0:25:56"]

1. d4 Nf6 2. Nf3 e6 3. g3 d5 4. Bg2 Be7 5. O-O O-O 6. b3 b6 7. Bb2 Bb7 8. Nbd2
Nbd7 9. c4 dxc4 10. Nxc4 c5 11. Nfe5 Bxg2 12. Kxg2 Rc8 13. Rc1 b5 14. Nxd7 Qxd7
15. Ne5 Qb7+ 16. Kg1 Rfd8 17. e3 cxd4 18. Bxd4 Rxc1 19. Qxc1 Rc8 20. Qb2 Rc7
21. Rc1 Qc8 22. Rxc7 Qxc7 23. Qe2 a6 24. Qf3 Qc8 25. Nc6 Nd5 26. Qxd5 Bf8 27.
Qe4 f6 28. Qc2 Qd7 29. b4 h5 30. h4 Bd6 31. a3 Qc7 32. Qe4 Bxg3 33. Qxe6+ Kh7
34. Qe4+ Kh6 *

[Event "Women's Baku Chess Olympiad"]
[Site "chess24.com"]
[Date "2016.09.04"]
[Round "3.4"]
[White "Tuzi, Bruna"]
[Black "Saumy, Zainab"]
[Result "*"]
[WhiteElo "1807"]
[BlackElo "1688"]
[PlyCount "72"]
[EventDate "2016.??.??"]
[WhiteTeam "Albania"]
[BlackTeam "Sri Lanka"]
[WhiteTeamCountry "ALB"]
[BlackTeamCountry "SRI"]
[WhiteClock "0:08:25"]
[BlackClock "0:28:57"]

1. e4 c5 2. c3 d5 3. exd5 Nf6 4. d4 cxd4 5. Qxd4 g6 6. Nf3 Bg7 7. Bb5+ Nbd7 8.
Ne5 O-O 9. Nxd7 Nxd7 10. Qd1 Nb6 11. d6 exd6 12. O-O a6 13. Be2 Be6 14. Na3 Rc8
15. Be3 Nd5 16. Bd4 Bh6 17. Bf3 Qg5 18. Nc2 b5 19. g3 Bh3 20. Re1 Rfe8 21. Ba7
Rxe1+ 22. Nxe1 Qe7 23. Qxd5 Qxa7 24. Nd3 Qc7 25. a4 Be6 26. Qb7 Qc4 27. Nb4
bxa4 28. Bd5 Qb5 29. Bc6 Qxb7 30. Bxb7 Rb8 31. Bxa6 Bb3 32. Bd3 Bf8 33. Nc6 Rb6
34. Nd4 Be6 35. Bb5 Bb3 36. c4 d5 *

[Event "Women's Baku Chess Olympiad"]
[Site "chess24.com"]
[Date "2016.09.04"]
[Round "3.4"]
[White "Smith, Melisha"]
[Black "Lkhamsuren, Uuganbayar"]
[Result "*"]
[WhiteElo "1719"]
[BlackElo "2147"]
[PlyCount "70"]
[EventDate "2016.??.??"]
[WhiteTeam "Jamaica"]
[BlackTeam "Mongolia"]
[WhiteTeamCountry "JAM"]
[BlackTeamCountry "MGL"]
[WhiteClock "0:20:28"]
[BlackClock "0:17:59"]

1. d4 Nf6 2. c4 e6 3. Nc3 Bb4 4. Qc2 O-O 5. Bg5 c5 6. d5 exd5 7. cxd5 d6 8. e4
Re8 9. Bd3 a6 10. Nf3 Bg4 11. Nd2 b5 12. O-O c4 13. Be2 Bxe2 14. Nxe2 Bxd2 15.
Qxd2 Nxe4 16. Bxd8 Nxd2 17. Rfe1 Rxd8 18. Nc3 b4 19. Na4 Nd7 20. Re2 c3 21.
bxc3 bxc3 22. Nxc3 Rac8 23. Na4 Rc2 24. Rae1 g6 25. Re8+ Rxe8 26. Rxe8+ Kg7 27.
g3 Rxa2 28. Rd8 Rxa4 29. Rxd7 Nc4 30. Rc7 Ne5 31. f4 Ra1+ 32. Kg2 Ra2+ 33. Kf1
Ng4 34. Rd7 Ne3+ 35. Kg1 Rg2+ *

[Event "Women's Baku Chess Olympiad"]
[Site "chess24.com"]
[Date "2016.09.04"]
[Round "3.4"]
[White "Elansary, Eman"]
[Black "Chung, Yaleika"]
[Result "*"]
[WhiteElo "1949"]
[BlackElo "1797"]
[PlyCount "59"]
[EventDate "2016.??.??"]
[WhiteTeam "Egypt"]
[BlackTeam "Panama"]
[WhiteTeamCountry "EGY"]
[BlackTeamCountry "PAN"]
[WhiteClock "0:15:39"]
[BlackClock "0:15:57"]

1. d4 d5 2. c4 c6 3. Nc3 Nf6 4. Nf3 dxc4 5. e4 Bg4 6. Bxc4 e6 7. a3 Nbd7 8. O-O
Be7 9. Bf4 Qb6 10. h3 Bh5 11. Re1 Qd8 12. Qc2 Nb6 13. Be2 O-O 14. Rad1 Rc8 15.
g4 Bg6 16. Ne5 Nfd7 17. Nxg6 hxg6 18. Bg3 Bh4 19. Bd6 Be7 20. Bg3 Bh4 21. Kg2
Bxg3 22. fxg3 Qc7 23. e5 Nd5 24. Bf3 Nxc3 25. Qxc3 Nb6 26. Rc1 Qd7 27. Rcd1 Nd5
28. Qc5 b6 29. Qc4 Rfd8 30. Kf2 *

[Event "Women's Baku Chess Olympiad"]
[Site "chess24.com"]
[Date "2016.09.04"]
[Round "3.3"]
[White "Avalos, Rosana"]
[Black "Hng, Mei-En Emmanuelle"]
[Result "*"]
[WhiteElo "1576"]
[BlackElo "1883"]
[PlyCount "56"]
[EventDate "2016.??.??"]
[WhiteTeam "Paraguay"]
[BlackTeam "Singapore"]
[WhiteTeamCountry "PAR"]
[BlackTeamCountry "SIN"]
[WhiteClock "0:16:52"]
[BlackClock "0:13:24"]

1. e4 c5 2. Nf3 e6 3. d4 cxd4 4. Nxd4 a6 5. Nc3 Qc7 6. Be2 b5 7. a3 Bb7 8. O-O
Nf6 9. f3 Be7 10. Be3 O-O 11. Nb3 d5 12. exd5 Nxd5 13. Nxd5 Bxd5 14. Bd3 Nc6
15. Bf2 Bd6 16. f4 Bxf4 17. Qh5 f5 18. Bc5 Rf6 19. Qh4 g5 20. Qh5 g4 21. Rxf4
Qxf4 22. Rf1 Qh6 23. Qxh6 Rxh6 24. Nd2 Ne5 25. Be2 Nc4 26. Nb1 Nxb2 27. Be3 Rg6
28. Bd4 Rc8 *

[Event "Women's Baku Chess Olympiad"]
[Site "chess24.com"]
[Date "2016.09.04"]
[Round "3.4"]
[White "Kim, Yubin"]
[Black "Barbier, Astrid"]
[Result "*"]
[WhiteElo "1660"]
[BlackElo "1825"]
[PlyCount "49"]
[EventDate "2016.??.??"]
[WhiteTeam "Korea"]
[BlackTeam "Belgium"]
[WhiteTeamCountry "KOR"]
[BlackTeamCountry "BEL"]
[WhiteClock "0:20:21"]
[BlackClock "0:10:11"]

1. e4 c5 2. Nf3 g6 3. c4 Bg7 4. d4 cxd4 5. Nxd4 Nc6 6. Be3 Nf6 7. Nc3 O-O 8.
Be2 d6 9. O-O Nd7 10. Rc1 Nxd4 11. Bxd4 Nc5 12. Bxg7 Kxg7 13. Qd4+ Kg8 14. Rfd1
Ne6 15. Qd2 b6 16. e5 dxe5 17. Qe3 Qe8 18. Bf3 Rb8 19. Qxe5 Bb7 20. Bg4 Qc6 21.
Nd5 Rbe8 22. Bf3 Qc8 23. Bg4 Qc6 24. Bf3 Qc8 25. Bg4 *

[Event "Women's Baku Chess Olympiad"]
[Site "chess24.com"]
[Date "2016.09.04"]
[Round "3.4"]
[White "Jambo, Linda"]
[Black "Tavares, Domingas"]
[Result "1/2-1/2"]
[WhiteElo "1561"]
[BlackElo "1563"]
[PlyCount "77"]
[EventDate "2016.??.??"]
[WhiteTeam "MAW"]
[BlackTeam "Angola"]
[BlackTeamCountry "ANG"]
[WhiteClock "0:32:20"]
[BlackClock "0:14:49"]

1. e4 c5 2. Nf3 d6 3. d4 cxd4 4. Nxd4 Nf6 5. Nc3 a6 6. Be2 g6 7. O-O Bg7 8. a4
O-O 9. Be3 Nbd7 10. Nf3 Qc7 11. Qd2 Re8 12. Rad1 Ng4 13. Nd5 Qd8 14. Bd4 Ngf6
15. Nxf6+ Nxf6 16. e5 dxe5 17. Bxe5 Qxd2 18. Rxd2 Bf5 19. Bd3 Bxd3 20. Rxd3
Rac8 21. c3 e6 22. Bxf6 Bxf6 23. Rfd1 Rc4 24. Ra1 Rec8 25. Nd2 R4c6 26. Ne4 Bg7
27. Rad1 Be5 28. Rd8+ Rxd8 29. Rxd8+ Kg7 30. Rd7 Rc4 31. Ng5 Rxa4 32. g3 Kg8
33. Nxf7 Bf6 34. Rxb7 Ra1+ 35. Kg2 Rb1 36. Nh6+ Kh8 37. Nf7+ Kg8 38. Nh6+ Kh8
39. Rf7 1/2-1/2